Statistics for Biggest Cities in Texas by Degree Latitude

Click here to take the quiz!

General Stats

  • This quiz has been taken 16 times
  • The average score is 8 of 12

Answer Stats

° #Exact Degree LatitudePopulationCity% Correct
3232.78° N1,382,270Dallas
100%
3131.76° N685,575El Paso
100%
2929.76° N2,340,890Houston
100%
3030.27° N988,218Austin
89%
2727.80° N325,406Corpus Christi
89%
3535.20° N202,028Amarillo
78%
2525.90° N183,748Brownsville
56%
2626.20° N144,279McAllen
44%
2828.80° N66,347Victoria
44%
3333.03° N288,539Plano
33%
3636.39° N8,231Perryton
11%
3434.19° N20,024Plainview
11%

Score Distribution

Percentile by Number Answered

Percent of People with Each Score

Your Score History

You have not taken this quiz